000 00866nam a2200241 4500
003 OSt
005 20240622022411.0
006 a
008 240622b |||||||| |||| 00| 0 eng d
020 _a9781608313396
040 _aDWCL-HMN lib.
_cOC
082 _2Second edition
_aCirc. 616.12025 C267 2011
245 _aCardiovascular care made incredibly /
250 _aSecond edition
260 _aPhiladelphia :
_bWolters Kluwer, Lippincott Williams & Wilkins,
_cc2011.
300 _avi,
_b250 p. : ill. ;
_c23 cm.
504 _aIncludes bibliographical references & index.
650 _a1. Heart-Diseases-Nursing-Handbooks, Manulas, etc.
650 _a2. Critical care medicine-Handbooks, manuals, etc.
650 _a3. Heart Disease-Nursing-Atlases.
650 _a4. Critical care medicine-Atlases.
942 _2ddc
_n0
_cBK-CIRC
_eSecond edition
_kCirc.
999 _c1129
_d1129